<?xml version="1.0" encoding="UTF-8"?>
<record
    xmlns:xsi="http://www.w3.org/2001/XMLSchema-instance"
    xsi:schemaLocation="http://www.loc.gov/MARC21/slim http://www.loc.gov/standards/marcxml/schema/MARC21slim.xsd"
    xmlns="http://www.loc.gov/MARC21/slim">

  <leader>01126nas a2200265 454500</leader>
  <controlfield tag="001">6933</controlfield>
  <controlfield tag="005">20260407193504.0</controlfield>
  <controlfield tag="008">260407s1971####ag###########|||spa#d</controlfield>
  <controlfield tag="003">AR-UNSa-BCEJYS</controlfield>
  <datafield tag="040" ind1=" " ind2=" ">
    <subfield code="a">AR-UNSa-BCEJYS</subfield>
    <subfield code="b">spa</subfield>
    <subfield code="c">AR-UNSa-BCEJYS</subfield>
  </datafield>
  <datafield tag="080" ind1=" " ind2=" ">
    <subfield code="a">330</subfield>
    <subfield code="x">Econom&#xED;a en general</subfield>
  </datafield>
  <datafield tag="245" ind1="1" ind2="0">
    <subfield code="a">El trimestre econ&#xF3;mico</subfield>
  </datafield>
  <datafield tag="022" ind1=" " ind2=" ">
    <subfield code="a">0041-3011</subfield>
  </datafield>
  <datafield tag="264" ind1=" " ind2="1">
    <subfield code="a">M&#xE9;xico :</subfield>
    <subfield code="b">Fondo de Cultura Econ&#xF3;mica</subfield>
    <subfield code="c">1971</subfield>
  </datafield>
  <datafield tag="310" ind1=" " ind2=" ">
    <subfield code="a">Frecuencia: trimestral</subfield>
  </datafield>
  <datafield tag="505" ind1=" " ind2=" ">
    <subfield code="a">Publicada por el Fondo de Cultura Econ&#xF3;mica, es la revista de econom&#xED;a m&#xE1;s antigua de Am&#xE9;rica Latina. Ofrece a los lectores de habla castellana, los trabajos, documentos y notas bibliogr&#xE1;ficas tendientes a satisfacer el inter&#xE9;s por conocer lo m&#xE1;s importante del pensamiento econ&#xF3;mico contempor&#xE1;neo. </subfield>
  </datafield>
  <datafield tag="942" ind1=" " ind2=" ">
    <subfield code="c">SER</subfield>
  </datafield>
  <datafield tag="590" ind1=" " ind2=" ">
    <subfield code="a">niveau_biblio:s niveau_hierar:1</subfield>
  </datafield>
  <datafield tag="100" ind1="1" ind2=" ">
    <subfield code="a">Sober&#xF3;n M., Oscar</subfield>
  </datafield>
  <datafield tag="650" ind1=" " ind2=" ">
    <subfield code="a">Am&#xE9;rica Latina</subfield>
  </datafield>
  <datafield tag="650" ind1=" " ind2=" ">
    <subfield code="a">Condiciones econ&#xF3;micas</subfield>
  </datafield>
  <datafield tag="650" ind1=" " ind2=" ">
    <subfield code="a">Investigaci&#xF3;n econ&#xF3;mica</subfield>
  </datafield>
  <datafield tag="650" ind1=" " ind2=" ">
    <subfield code="a">ECONOMIA</subfield>
  </datafield>
  <datafield tag="856" ind1="4" ind2="1">
    <subfield code="u">https://biblioeco.unsa.edu.ar/pmb/images/revistas/El Trimestre Economico.jpg</subfield>
    <subfield code="y">Imagen de portada</subfield>
    <subfield code="q">image/jpeg</subfield>
  </datafield>
  <datafield tag="999" ind1=" " ind2=" ">
    <subfield code="c">8434</subfield>
    <subfield code="d">8434</subfield>
  </datafield>
  <datafield tag="952" ind1=" " ind2=" ">
    <subfield code="0">0</subfield>
    <subfield code="1">0</subfield>
    <subfield code="4">0</subfield>
    <subfield code="7">0</subfield>
    <subfield code="a">BCEJYS</subfield>
    <subfield code="b">BCEJYS</subfield>
    <subfield code="c">17</subfield>
    <subfield code="d">1985-04-01</subfield>
    <subfield code="h">Vol. LII, N&#xBA; 206 - abr./jun. 1985</subfield>
    <subfield code="l">0</subfield>
    <subfield code="o">H330 TRI 206</subfield>
    <subfield code="p">R05343</subfield>
    <subfield code="r">2026-04-10 16:07:08</subfield>
    <subfield code="w">2026-04-10</subfield>
    <subfield code="y">RN</subfield>
  </datafield>
  <datafield tag="952" ind1=" " ind2=" ">
    <subfield code="0">0</subfield>
    <subfield code="1">0</subfield>
    <subfield code="4">0</subfield>
    <subfield code="7">0</subfield>
    <subfield code="a">BCEJYS</subfield>
    <subfield code="b">BCEJYS</subfield>
    <subfield code="c">17</subfield>
    <subfield code="d">1985-01-01</subfield>
    <subfield code="h">Vol. LII, N&#xBA; 205 - ene./mar. 1985</subfield>
    <subfield code="l">0</subfield>
    <subfield code="o">H330 TRI 205</subfield>
    <subfield code="p">R05342</subfield>
    <subfield code="r">2026-04-10 16:07:08</subfield>
    <subfield code="w">2026-04-10</subfield>
    <subfield code="y">RN</subfield>
  </datafield>
  <datafield tag="952" ind1=" " ind2=" ">
    <subfield code="0">0</subfield>
    <subfield code="1">0</subfield>
    <subfield code="4">0</subfield>
    <subfield code="7">0</subfield>
    <subfield code="a">BCEJYS</subfield>
    <subfield code="b">BCEJYS</subfield>
    <subfield code="c">17</subfield>
    <subfield code="d">1984-07-01</subfield>
    <subfield code="h">Vol. LI, N&#xBA; 203 - jul./set. 1984</subfield>
    <subfield code="l">0</subfield>
    <subfield code="o">H330 TRI 203</subfield>
    <subfield code="p">R05341</subfield>
    <subfield code="r">2026-04-10 16:07:08</subfield>
    <subfield code="w">2026-04-10</subfield>
    <subfield code="y">RN</subfield>
  </datafield>
  <datafield tag="952" ind1=" " ind2=" ">
    <subfield code="0">0</subfield>
    <subfield code="1">0</subfield>
    <subfield code="4">0</subfield>
    <subfield code="7">0</subfield>
    <subfield code="a">BCEJYS</subfield>
    <subfield code="b">BCEJYS</subfield>
    <subfield code="c">17</subfield>
    <subfield code="d">1984-04-01</subfield>
    <subfield code="h">Vol. LI, N&#xBA; 202 - abr./jun. 1984</subfield>
    <subfield code="l">0</subfield>
    <subfield code="o">H330 TRI 202</subfield>
    <subfield code="p">R05340</subfield>
    <subfield code="r">2026-04-10 16:07:08</subfield>
    <subfield code="w">2026-04-10</subfield>
    <subfield code="y">RN</subfield>
  </datafield>
  <datafield tag="952" ind1=" " ind2=" ">
    <subfield code="0">0</subfield>
    <subfield code="1">0</subfield>
    <subfield code="4">0</subfield>
    <subfield code="7">0</subfield>
    <subfield code="a">BCEJYS</subfield>
    <subfield code="b">BCEJYS</subfield>
    <subfield code="c">17</subfield>
    <subfield code="d">1984-01-01</subfield>
    <subfield code="h">Vol. LI, N&#xBA; 201 - ene./mar. 1984</subfield>
    <subfield code="l">0</subfield>
    <subfield code="o">H330 TRI 201</subfield>
    <subfield code="p">R05339</subfield>
    <subfield code="r">2026-04-10 16:07:08</subfield>
    <subfield code="w">2026-04-10</subfield>
    <subfield code="y">RN</subfield>
  </datafield>
  <datafield tag="952" ind1=" " ind2=" ">
    <subfield code="0">0</subfield>
    <subfield code="1">0</subfield>
    <subfield code="4">0</subfield>
    <subfield code="7">0</subfield>
    <subfield code="a">BCEJYS</subfield>
    <subfield code="b">BCEJYS</subfield>
    <subfield code="c">17</subfield>
    <subfield code="d">1983-10-01</subfield>
    <subfield code="h">Vol. L, N&#xBA; 200 - oct./dic. 1983</subfield>
    <subfield code="l">0</subfield>
    <subfield code="o">H330 TRI 200</subfield>
    <subfield code="p">R05327</subfield>
    <subfield code="r">2026-04-10 16:07:08</subfield>
    <subfield code="w">2026-04-10</subfield>
    <subfield code="y">RN</subfield>
  </datafield>
  <datafield tag="952" ind1=" " ind2=" ">
    <subfield code="0">0</subfield>
    <subfield code="1">0</subfield>
    <subfield code="4">0</subfield>
    <subfield code="7">0</subfield>
    <subfield code="a">BCEJYS</subfield>
    <subfield code="b">BCEJYS</subfield>
    <subfield code="c">17</subfield>
    <subfield code="d">1983-07-01</subfield>
    <subfield code="h">Vol. L, N&#xBA; 199 - jul./set. 1983</subfield>
    <subfield code="l">0</subfield>
    <subfield code="o">H330 TRI 199</subfield>
    <subfield code="p">R05326</subfield>
    <subfield code="r">2026-04-10 16:07:08</subfield>
    <subfield code="w">2026-04-10</subfield>
    <subfield code="y">RN</subfield>
  </datafield>
  <datafield tag="952" ind1=" " ind2=" ">
    <subfield code="0">0</subfield>
    <subfield code="1">0</subfield>
    <subfield code="4">0</subfield>
    <subfield code="7">0</subfield>
    <subfield code="a">BCEJYS</subfield>
    <subfield code="b">BCEJYS</subfield>
    <subfield code="c">17</subfield>
    <subfield code="d">1983-04-01</subfield>
    <subfield code="h">Vol. L, N&#xBA; 198 - abr./jun. 1983</subfield>
    <subfield code="l">0</subfield>
    <subfield code="o">H330 TRI 198</subfield>
    <subfield code="p">R05325</subfield>
    <subfield code="r">2026-04-10 16:07:08</subfield>
    <subfield code="w">2026-04-10</subfield>
    <subfield code="y">RN</subfield>
  </datafield>
  <datafield tag="952" ind1=" " ind2=" ">
    <subfield code="0">0</subfield>
    <subfield code="1">0</subfield>
    <subfield code="4">0</subfield>
    <subfield code="7">0</subfield>
    <subfield code="a">BCEJYS</subfield>
    <subfield code="b">BCEJYS</subfield>
    <subfield code="c">17</subfield>
    <subfield code="d">1983-01-01</subfield>
    <subfield code="h">Vol. L, N&#xBA; 197 - ene./mar. 1983</subfield>
    <subfield code="l">0</subfield>
    <subfield code="o">H330 TRI 197</subfield>
    <subfield code="p">R05324</subfield>
    <subfield code="r">2026-04-10 16:07:08</subfield>
    <subfield code="w">2026-04-10</subfield>
    <subfield code="y">RN</subfield>
  </datafield>
  <datafield tag="952" ind1=" " ind2=" ">
    <subfield code="0">0</subfield>
    <subfield code="1">0</subfield>
    <subfield code="4">0</subfield>
    <subfield code="7">0</subfield>
    <subfield code="a">BCEJYS</subfield>
    <subfield code="b">BCEJYS</subfield>
    <subfield code="c">17</subfield>
    <subfield code="d">1982-10-01</subfield>
    <subfield code="h">Vol. XLIX, N&#xBA; 196 - oct./dic. 1982</subfield>
    <subfield code="l">0</subfield>
    <subfield code="o">H330 TRI 196</subfield>
    <subfield code="p">R05338</subfield>
    <subfield code="r">2026-04-10 16:07:08</subfield>
    <subfield code="w">2026-04-10</subfield>
    <subfield code="y">RN</subfield>
  </datafield>
  <datafield tag="952" ind1=" " ind2=" ">
    <subfield code="0">0</subfield>
    <subfield code="1">0</subfield>
    <subfield code="4">0</subfield>
    <subfield code="7">0</subfield>
    <subfield code="a">BCEJYS</subfield>
    <subfield code="b">BCEJYS</subfield>
    <subfield code="c">17</subfield>
    <subfield code="d">1982-07-01</subfield>
    <subfield code="h">Vol. XLIX, N&#xBA; 195 - jul./set. 1982</subfield>
    <subfield code="l">0</subfield>
    <subfield code="o">H330 TRI 195</subfield>
    <subfield code="p">R05337</subfield>
    <subfield code="r">2026-04-10 16:07:08</subfield>
    <subfield code="w">2026-04-10</subfield>
    <subfield code="y">RN</subfield>
  </datafield>
  <datafield tag="952" ind1=" " ind2=" ">
    <subfield code="0">0</subfield>
    <subfield code="1">0</subfield>
    <subfield code="4">0</subfield>
    <subfield code="7">0</subfield>
    <subfield code="a">BCEJYS</subfield>
    <subfield code="b">BCEJYS</subfield>
    <subfield code="c">17</subfield>
    <subfield code="d">1982-04-01</subfield>
    <subfield code="h">Vol. XLIX, N&#xBA; 194 - abr./jun. 1982</subfield>
    <subfield code="l">0</subfield>
    <subfield code="o">H330 TRI 194</subfield>
    <subfield code="p">R05336</subfield>
    <subfield code="r">2026-04-10 16:07:08</subfield>
    <subfield code="w">2026-04-10</subfield>
    <subfield code="y">RN</subfield>
  </datafield>
  <datafield tag="952" ind1=" " ind2=" ">
    <subfield code="0">0</subfield>
    <subfield code="1">0</subfield>
    <subfield code="4">0</subfield>
    <subfield code="7">0</subfield>
    <subfield code="a">BCEJYS</subfield>
    <subfield code="b">BCEJYS</subfield>
    <subfield code="c">17</subfield>
    <subfield code="d">1982-01-01</subfield>
    <subfield code="h">Vol. XLIX, N&#xBA; 193 - ene./mar. 1982</subfield>
    <subfield code="l">0</subfield>
    <subfield code="o">H330 TRI 193</subfield>
    <subfield code="p">R05335</subfield>
    <subfield code="r">2026-04-10 16:07:08</subfield>
    <subfield code="w">2026-04-10</subfield>
    <subfield code="y">RN</subfield>
  </datafield>
  <datafield tag="952" ind1=" " ind2=" ">
    <subfield code="0">0</subfield>
    <subfield code="1">0</subfield>
    <subfield code="4">0</subfield>
    <subfield code="7">0</subfield>
    <subfield code="a">BCEJYS</subfield>
    <subfield code="b">BCEJYS</subfield>
    <subfield code="c">17</subfield>
    <subfield code="d">1981-10-01</subfield>
    <subfield code="h">Vol. XLVIII, N&#xBA; 192 - oct./dic. 1981</subfield>
    <subfield code="l">0</subfield>
    <subfield code="o">H330 TRI 192</subfield>
    <subfield code="p">R05334</subfield>
    <subfield code="r">2026-04-10 16:07:08</subfield>
    <subfield code="w">2026-04-10</subfield>
    <subfield code="y">RN</subfield>
  </datafield>
  <datafield tag="952" ind1=" " ind2=" ">
    <subfield code="0">0</subfield>
    <subfield code="1">0</subfield>
    <subfield code="4">0</subfield>
    <subfield code="7">0</subfield>
    <subfield code="a">BCEJYS</subfield>
    <subfield code="b">BCEJYS</subfield>
    <subfield code="c">17</subfield>
    <subfield code="d">1981-07-01</subfield>
    <subfield code="h">Vol. XLVIII, N&#xBA; 191 - jul./set. 1981</subfield>
    <subfield code="l">0</subfield>
    <subfield code="o">H330 TRI 191</subfield>
    <subfield code="p">R05333</subfield>
    <subfield code="r">2026-04-10 16:07:08</subfield>
    <subfield code="w">2026-04-10</subfield>
    <subfield code="y">RN</subfield>
  </datafield>
  <datafield tag="952" ind1=" " ind2=" ">
    <subfield code="0">0</subfield>
    <subfield code="1">0</subfield>
    <subfield code="4">0</subfield>
    <subfield code="7">0</subfield>
    <subfield code="a">BCEJYS</subfield>
    <subfield code="b">BCEJYS</subfield>
    <subfield code="c">17</subfield>
    <subfield code="d">1981-04-01</subfield>
    <subfield code="h">Vol. XLVIII, N&#xBA; 190 - abr./jun. 1981</subfield>
    <subfield code="l">0</subfield>
    <subfield code="o">H330 TRI 190</subfield>
    <subfield code="p">R05332</subfield>
    <subfield code="r">2026-04-10 16:07:08</subfield>
    <subfield code="w">2026-04-10</subfield>
    <subfield code="y">RN</subfield>
  </datafield>
  <datafield tag="952" ind1=" " ind2=" ">
    <subfield code="0">0</subfield>
    <subfield code="1">0</subfield>
    <subfield code="4">0</subfield>
    <subfield code="7">0</subfield>
    <subfield code="a">BCEJYS</subfield>
    <subfield code="b">BCEJYS</subfield>
    <subfield code="c">17</subfield>
    <subfield code="d">1981-01-01</subfield>
    <subfield code="h">Vol. XLVIII, N&#xBA; 189 - ene./mar. 1981</subfield>
    <subfield code="l">0</subfield>
    <subfield code="o">H330 TRI 189</subfield>
    <subfield code="p">R05331</subfield>
    <subfield code="r">2026-04-10 16:07:08</subfield>
    <subfield code="w">2026-04-10</subfield>
    <subfield code="y">RN</subfield>
  </datafield>
  <datafield tag="952" ind1=" " ind2=" ">
    <subfield code="0">0</subfield>
    <subfield code="1">0</subfield>
    <subfield code="4">0</subfield>
    <subfield code="7">0</subfield>
    <subfield code="a">BCEJYS</subfield>
    <subfield code="b">BCEJYS</subfield>
    <subfield code="c">17</subfield>
    <subfield code="d">1979-10-01</subfield>
    <subfield code="h">Vol. XLVI, N&#xBA; 184 - oct./dic. 1979</subfield>
    <subfield code="l">0</subfield>
    <subfield code="o">H330 TRI 184</subfield>
    <subfield code="p">R05330</subfield>
    <subfield code="r">2026-04-10 16:07:08</subfield>
    <subfield code="w">2026-04-10</subfield>
    <subfield code="y">RN</subfield>
  </datafield>
  <datafield tag="952" ind1=" " ind2=" ">
    <subfield code="0">0</subfield>
    <subfield code="1">0</subfield>
    <subfield code="4">0</subfield>
    <subfield code="7">0</subfield>
    <subfield code="a">BCEJYS</subfield>
    <subfield code="b">BCEJYS</subfield>
    <subfield code="c">17</subfield>
    <subfield code="d">1979-07-01</subfield>
    <subfield code="h">Vol. XLVI, N&#xBA; 183 - jul./set. 1979</subfield>
    <subfield code="l">0</subfield>
    <subfield code="o">H330 TRI 183</subfield>
    <subfield code="p">R05329</subfield>
    <subfield code="r">2026-04-10 16:07:08</subfield>
    <subfield code="w">2026-04-10</subfield>
    <subfield code="y">RN</subfield>
  </datafield>
  <datafield tag="952" ind1=" " ind2=" ">
    <subfield code="0">0</subfield>
    <subfield code="1">0</subfield>
    <subfield code="4">0</subfield>
    <subfield code="7">0</subfield>
    <subfield code="a">BCEJYS</subfield>
    <subfield code="b">BCEJYS</subfield>
    <subfield code="c">17</subfield>
    <subfield code="d">1979-04-01</subfield>
    <subfield code="h">Vol. XLVI, N&#xBA; 182 - abr./jun. 1979</subfield>
    <subfield code="l">0</subfield>
    <subfield code="o">H330 TRI 182</subfield>
    <subfield code="p">R05328</subfield>
    <subfield code="r">2026-04-10 16:07:08</subfield>
    <subfield code="w">2026-04-10</subfield>
    <subfield code="y">RN</subfield>
  </datafield>
  <datafield tag="952" ind1=" " ind2=" ">
    <subfield code="0">0</subfield>
    <subfield code="1">0</subfield>
    <subfield code="4">0</subfield>
    <subfield code="7">0</subfield>
    <subfield code="a">BCEJYS</subfield>
    <subfield code="b">BCEJYS</subfield>
    <subfield code="c">17</subfield>
    <subfield code="d">1979-01-01</subfield>
    <subfield code="h">Vol. XLVI, N&#xBA; 181 - ene./mar. 1979</subfield>
    <subfield code="l">0</subfield>
    <subfield code="o">H330 TRI 181</subfield>
    <subfield code="p">R05323</subfield>
    <subfield code="r">2026-04-10 16:07:08</subfield>
    <subfield code="w">2026-04-10</subfield>
    <subfield code="y">RN</subfield>
  </datafield>
  <datafield tag="952" ind1=" " ind2=" ">
    <subfield code="0">0</subfield>
    <subfield code="1">0</subfield>
    <subfield code="4">0</subfield>
    <subfield code="7">0</subfield>
    <subfield code="a">BCEJYS</subfield>
    <subfield code="b">BCEJYS</subfield>
    <subfield code="c">17</subfield>
    <subfield code="d">1978-10-01</subfield>
    <subfield code="h">Vol. XLV, N&#xBA; 180 - oct./dic. 1978</subfield>
    <subfield code="l">0</subfield>
    <subfield code="o">H330 TRI 180</subfield>
    <subfield code="p">R05322</subfield>
    <subfield code="r">2026-04-10 16:07:08</subfield>
    <subfield code="w">2026-04-10</subfield>
    <subfield code="y">RN</subfield>
  </datafield>
  <datafield tag="952" ind1=" " ind2=" ">
    <subfield code="0">0</subfield>
    <subfield code="1">0</subfield>
    <subfield code="4">0</subfield>
    <subfield code="7">0</subfield>
    <subfield code="a">BCEJYS</subfield>
    <subfield code="b">BCEJYS</subfield>
    <subfield code="c">17</subfield>
    <subfield code="d">1978-07-01</subfield>
    <subfield code="h">Vol. XLV, N&#xBA; 179 - jul./set. 1978</subfield>
    <subfield code="l">0</subfield>
    <subfield code="o">H330 TRI 179</subfield>
    <subfield code="p">R05321</subfield>
    <subfield code="r">2026-04-10 16:07:08</subfield>
    <subfield code="w">2026-04-10</subfield>
    <subfield code="y">RN</subfield>
  </datafield>
  <datafield tag="952" ind1=" " ind2=" ">
    <subfield code="0">0</subfield>
    <subfield code="1">0</subfield>
    <subfield code="4">0</subfield>
    <subfield code="7">0</subfield>
    <subfield code="a">BCEJYS</subfield>
    <subfield code="b">BCEJYS</subfield>
    <subfield code="c">17</subfield>
    <subfield code="d">1978-04-01</subfield>
    <subfield code="h">Vol. XLV, N&#xBA; 178 - abr./jun. 1978</subfield>
    <subfield code="l">0</subfield>
    <subfield code="o">H330 TRI 178</subfield>
    <subfield code="p">R05320</subfield>
    <subfield code="r">2026-04-10 16:07:08</subfield>
    <subfield code="w">2026-04-10</subfield>
    <subfield code="y">RN</subfield>
  </datafield>
  <datafield tag="952" ind1=" " ind2=" ">
    <subfield code="0">0</subfield>
    <subfield code="1">0</subfield>
    <subfield code="4">0</subfield>
    <subfield code="7">0</subfield>
    <subfield code="a">BCEJYS</subfield>
    <subfield code="b">BCEJYS</subfield>
    <subfield code="c">17</subfield>
    <subfield code="d">1978-01-01</subfield>
    <subfield code="h">Vol. XLV, N&#xBA; 177 - ene./mar. 1978</subfield>
    <subfield code="l">0</subfield>
    <subfield code="o">H330 TRI 177</subfield>
    <subfield code="p">R05319</subfield>
    <subfield code="r">2026-04-10 16:07:08</subfield>
    <subfield code="w">2026-04-10</subfield>
    <subfield code="y">RN</subfield>
  </datafield>
  <datafield tag="952" ind1=" " ind2=" ">
    <subfield code="0">0</subfield>
    <subfield code="1">0</subfield>
    <subfield code="4">0</subfield>
    <subfield code="7">0</subfield>
    <subfield code="a">BCEJYS</subfield>
    <subfield code="b">BCEJYS</subfield>
    <subfield code="c">17</subfield>
    <subfield code="d">1977-10-01</subfield>
    <subfield code="h">Vol. XLIV, N&#xBA; 176 - oct./dic. 1977</subfield>
    <subfield code="l">0</subfield>
    <subfield code="o">H330 TRI 176</subfield>
    <subfield code="p">R05318</subfield>
    <subfield code="r">2026-04-10 16:07:08</subfield>
    <subfield code="w">2026-04-10</subfield>
    <subfield code="y">RN</subfield>
  </datafield>
  <datafield tag="952" ind1=" " ind2=" ">
    <subfield code="0">0</subfield>
    <subfield code="1">0</subfield>
    <subfield code="4">0</subfield>
    <subfield code="7">0</subfield>
    <subfield code="a">BCEJYS</subfield>
    <subfield code="b">BCEJYS</subfield>
    <subfield code="c">17</subfield>
    <subfield code="d">1977-07-01</subfield>
    <subfield code="h">Vol. XLIV, N&#xBA; 175 - jul./set. 1977</subfield>
    <subfield code="l">0</subfield>
    <subfield code="o">H330 TRI 175</subfield>
    <subfield code="p">R05317</subfield>
    <subfield code="r">2026-04-10 16:07:08</subfield>
    <subfield code="w">2026-04-10</subfield>
    <subfield code="y">RN</subfield>
  </datafield>
  <datafield tag="952" ind1=" " ind2=" ">
    <subfield code="0">0</subfield>
    <subfield code="1">0</subfield>
    <subfield code="4">0</subfield>
    <subfield code="7">0</subfield>
    <subfield code="a">BCEJYS</subfield>
    <subfield code="b">BCEJYS</subfield>
    <subfield code="c">17</subfield>
    <subfield code="d">1977-04-01</subfield>
    <subfield code="h">Vol. XLIV, N&#xBA; 174 - abr./jun. 1977</subfield>
    <subfield code="l">0</subfield>
    <subfield code="o">H330 TRI 174</subfield>
    <subfield code="p">R05316</subfield>
    <subfield code="r">2026-04-10 16:07:08</subfield>
    <subfield code="w">2026-04-10</subfield>
    <subfield code="y">RN</subfield>
  </datafield>
  <datafield tag="952" ind1=" " ind2=" ">
    <subfield code="0">0</subfield>
    <subfield code="1">0</subfield>
    <subfield code="4">0</subfield>
    <subfield code="7">0</subfield>
    <subfield code="a">BCEJYS</subfield>
    <subfield code="b">BCEJYS</subfield>
    <subfield code="c">17</subfield>
    <subfield code="d">1977-01-01</subfield>
    <subfield code="h">Vol. XLIV, N&#xBA; 173 - ene./mar. 1977</subfield>
    <subfield code="l">0</subfield>
    <subfield code="o">H330 TRI 173</subfield>
    <subfield code="p">R05315</subfield>
    <subfield code="r">2026-04-10 16:07:08</subfield>
    <subfield code="w">2026-04-10</subfield>
    <subfield code="y">RN</subfield>
  </datafield>
  <datafield tag="952" ind1=" " ind2=" ">
    <subfield code="0">0</subfield>
    <subfield code="1">0</subfield>
    <subfield code="4">0</subfield>
    <subfield code="7">0</subfield>
    <subfield code="a">BCEJYS</subfield>
    <subfield code="b">BCEJYS</subfield>
    <subfield code="c">17</subfield>
    <subfield code="d">1971-10-01</subfield>
    <subfield code="h">Vol. XXXIII, N&#xBA; 152 - oct./dic. 1971</subfield>
    <subfield code="l">0</subfield>
    <subfield code="o">H330 TRI 152</subfield>
    <subfield code="p">R05314</subfield>
    <subfield code="r">2026-04-10 16:07:08</subfield>
    <subfield code="w">2026-04-10</subfield>
    <subfield code="y">RN</subfield>
  </datafield>
  <datafield tag="952" ind1=" " ind2=" ">
    <subfield code="0">0</subfield>
    <subfield code="1">0</subfield>
    <subfield code="4">0</subfield>
    <subfield code="7">0</subfield>
    <subfield code="a">BCEJYS</subfield>
    <subfield code="b">BCEJYS</subfield>
    <subfield code="c">17</subfield>
    <subfield code="d">1971-04-01</subfield>
    <subfield code="h">Vol. XXXVIII, N&#xBA; 150 - abr./jun. 1971</subfield>
    <subfield code="l">0</subfield>
    <subfield code="o">H330 TRI 150</subfield>
    <subfield code="p">R05313</subfield>
    <subfield code="r">2026-04-10 16:07:08</subfield>
    <subfield code="w">2026-04-10</subfield>
    <subfield code="y">RN</subfield>
  </datafield>
</record>
